LEADER 02786nam 22006615 450 001 9910659483803321 005 20250630101817.0 010 $a3-031-22661-5 024 7 $a10.1007/978-3-031-22661-8 035 $a(MiAaPQ)EBC7194585 035 $a(Au-PeEL)EBL7194585 035 $a(CKB)26130490800041 035 $a(DE-He213)978-3-031-22661-8 035 $a(PPN)268207631 035 $a(EXLCZ)9926130490800041 100 $a20230211d2023 u| 0 101 0 $aeng 135 $aurcnu|||||||| 181 $ctxt$2rdacontent 182 $cc$2rdamedia 183 $acr$2rdacarrier 200 10$aFriction Stir Welding and Processing XII /$fedited by Yuri Hovanski, Yutaka Sato, Piyush Upadhyay, Anton A. Naumov, Nilesh Kumar 205 $a1st ed. 2023. 210 1$aCham :$cSpringer Nature Switzerland :$cImprint: Springer,$d2023. 215 $a1 online resource (267 pages) 225 1 $aThe Minerals, Metals & Materials Series,$x2367-1696 300 $aIncludes index. 311 08$aPrint version: Hovanski, Yuri Friction Stir Welding and Processing XII Cham : Springer,c2023 9783031226601 330 $aThis collection presents fundamentals and the current status of friction stir welding (FSW) and solid-state friction stir processing of materials and provides researchers and engineers with an opportunity to review the current status of the friction stir related processes and discuss the future possibilities. Contributions cover various aspects of friction stir welding and processing including their derivative technologies. Topics include, but are not limited to: ? Derivative technologies ? High-temperature applications ? Industrial applications ? Dissimilar alloys and/or materials ? Lightweight alloys ? Simulation ? Characterization ? Non-destructive examination techniques . 410 0$aThe Minerals, Metals & Materials Series,$x2367-1696 606 $aMetals 606 $aMaterials 606 $aProduction engineering 606 $aMaterials science 606 $aMetals and Alloys 606 $aMetal-organic Frameworks 606 $aProcess Engineering 606 $aMaterials Engineering 606 $aMaterials Science 615 0$aMetals. 615 0$aMaterials. 615 0$aProduction engineering. 615 0$aMaterials science. 615 14$aMetals and Alloys. 615 24$aMetal-organic Frameworks. 615 24$aProcess Engineering. 615 24$aMaterials Engineering. 615 24$aMaterials Science. 676 $a671.52 676 $a671.52 702 $aHovanski$b Yuri 801 0$bMiAaPQ 801 1$bMiAaPQ 801 2$bMiAaPQ 906 $aBOOK 912 $a9910659483803321 996 $aFriction stir welding and processing XII$93363626 997 $aUNINA